000 00264nam a2200097Ia 4500
008 240331s9999 xx 000 0 und d
082 _a303.6
_bSUR
100 _aSuriyakumaran, C.
245 4 _aThe anguish of 83 :
_bSri Lanka's ethnic crisis and the way out
942 _cL
999 _c1267
_d1267